Handbook for creative and innovative managers

Salvato in:
Dettagli Bibliografici
Altri autori: Kuhn, Robert Lawrence
Natura: Libro
Lingua:inglese
Pubblicazione: New York McGraw-Hill Book Company 1988
Soggetti:
Tags: Aggiungi Tag
Nessun Tag, puoi essere il primo ad aggiungerne!!

MARC

LEADER 00000nam a2200000 4500
001 c124434
005 20221123135334.1
020 |a 0-07-035607-6 
041 0 |a eng 
044 |a US 
245 1 0 |a Handbook for creative and innovative managers  |c Editor in Chief: Robert Lawrence Kuhn 
264 1 |a New York  |b McGraw-Hill Book Company  |c 1988 
300 |a 652 s. 
610 2 0 |a manažéri 
610 2 0 |a pracovníci riadiaci 
610 2 0 |a pracovníci vedúci 
610 2 0 |a kreativita 
610 2 0 |a podnikanie 
610 2 0 |a obchod 
610 2 0 |a riziko 
610 2 0 |a stratégia podniková 
610 2 0 |a stratégia marketingová 
610 2 0 |a podnik 
610 2 0 |a firmy 
610 2 0 |a personál 
610 2 0 |a inovácia 
610 2 0 |a politika finančná 
610 2 0 |a reklama 
610 2 0 |a konkurencia 
610 2 0 |a technológie informačné 
610 2 0 |a zdroje ľudské 
610 2 0 |a kultúra podniková 
700 1 |a Kuhn, Robert Lawrence